000 00776nam a2200253Ia 4500
003 OSt
005 20221002050511.0
006 a|||||r|||| 00| 0
007 ta
008 220930b |||||||| |||| 00| 0 eng d
024 _a14958
037 _cReference Collections
040 _aCRL
_cCRL
_beng
041 _2eng
_aeng
082 _ak1,M7, K7;N3(RR)
100 _aCook Christopher Ed.
_9571356
245 0 _aPears cyclopaedia 1993-94
_b A book of background information and reference for everyday use
250 _a102nd
260 _aLondon
_bPenguin Books UK
_c1993
300 _aiii, Various Pagination
_ccm.
650 _aGENERALIA
942 _hk1,M7, K7;N3(RR)
_cref
_2CC
999 _c914750
_d914750